000 00340nam a2200157 4500
008 170605s2006||||xo d
100 1 _aSicák M.
_9286
245 1 0 _aRinológia
250 _a1. vydanie
260 _bKozák press
_aMartin
_c2006
300 _a80 s.
041 1 _aslo
044 _axo
_cSK
020 _c5,00
958 _aA
999 _c21419
_d21419